[Event "POL-ch Rapid U18 Girls"]
[Site "Bydgoszcz"]
[Date "2023.08.30"]
[Round "9"]
[White "Lukasik, Zuzanna"]
[Black "Barwinska, Ewa"]
[Result "0-1"]
[WhiteElo "1703"]
[BlackElo "1920"]
[PlyCount "138"]
[EventDate "2023.08.28"]
[EventType "swiss"]
[EventRounds "11"]
[EventCountry "POL"]
[SourceTitle "EXT 2024"]
[Source "ChessBase"]
[SourceDate "2023.10.10"]
[SourceVersion "1"]
[SourceVersionDate "2023.10.10"]
[SourceQuality "1"]

1. e4 c5 2. Nf3 d6 3. c3 Nf6 4. h3 Nc6 5. Bd3 d5 6. e5 Nd7 7. e6 fxe6 8. Ng5 Nf6 9. Bxh7 Ne5 10. d4 Nxh7 11. Nxh7 Rxh7 12. dxe5 Qc7 13. Qe2 Bd7 14. Bf4 0-0-0 15. Nd2 g6 16. Qd3 Bh6 17. Bxh6 Rxh6 18. Nf3 Qb6 19. Qd2 Rh5 20. 0-0 Bc6 21. Rfe1 d4 22. Nh2 d3 23. b3 Qc7 24. Ng4 b5 25. c4 Qb7 26. f4 g5 27. fxg5 Be4 28. Nh6 Rd4 29. cxb5 Qxb5 30. Rac1 Kb8 31. Re3 Qb4 32. Qxb4+ cxb4 33. Rd1 Rxg5 34. Ng4 Kb7 35. Rd2 Kc6 36. Kh2 Kd5 37. Rg3 Kc5 38. Re3 a5 39. Re1 Kd5 40. Re3 Rg8 41. Re1 Rc8 42. Red1 Rc3 43. Kg3 Bf5 44. Ne3+ Kxe5 45. Nc4+ Kf6 46. Nxa5 e5 47. Nc4 e4 48. Ne3 Rc8 49. Kf2 Bg6 50. Nc4 Bf7 51. Ne3 Kg5 52. g3 Rd6 53. Kg2 Rf6 54. Rf1 Rxf1 55. Kxf1 Be6 56. Kg2 Kf6 57. g4 Ke5 58. Kf2 Kd4 59. Ng2 Rf8+ 60. Kg3 Rf3+ 61. Kh4 Rf8 62. Kg3 e3 63. Rd1 e2 64. Rd2 Bd5 65. Ne1 Be4 66. h4 Kc3 67. Rxd3+ Bxd3 68. g5 Kd2 69. Nxd3 Kxd3 0-1

[Event "POL-ch U18 Girls"]
[Site "Jastrzebia Gora"]
[Date "2023.??.??"]
[Round "1"]
[White "Lukasik, Zuzanna"]
[Black "Bychowska, Marta"]
[Result "1-0"]
[WhiteElo "1781"]
[BlackElo "1388"]
[PlyCount "89"]
[EventDate "2023.03.11"]
[EventType "swiss"]
[EventRounds "9"]
[EventCountry "POL"]
[SourceTitle "CBM 213 Extra"]
[Source "ChessBase"]
[SourceDate "2023.05.31"]
[SourceVersion "1"]
[SourceVersionDate "2023.05.31"]
[SourceQuality "1"]

1. e4 c5 2. Nf3 Nc6 3. d4 cxd4 4. Nxd4 Nf6 5. Nc3 e6 6. Be2 Bb4 7. Bf3 Qa5 8. Nde2 Ne5 9. a3 Nxf3+ 10. gxf3 Bxc3+ 11. Nxc3 d5 12. Qd4 dxe4 13. fxe4 e5 14. Qd3 Bg4 15. f3 Rd8 16. Qe2 Bh5 17. Bd2 Qc7 18. 0-0-0 0-0 19. Rhg1 Bg6 20. Bg5 Rxd1+ 21. Rxd1 h6 22. Bxf6 gxf6 23. Qe3 Kh7 24. Qxa7 f5 25. Qe3 Rc8 26. Qd3 fxe4 27. fxe4 Qc6 28. Qd5 Qxd5 29. Rxd5 f6 30. Rd7+ Kg8 31. Rxb7 Kf8 32. Kd2 Rd8+ 33. Ke3 f5 34. exf5 Bxf5 35. Rb5 Bxc2 36. Rxe5 Rd3+ 37. Kf2 Rd2+ 38. Re2 Rxe2+ 39. Kxe2 Ke7 40. Ke3 Kd6 41. Kd4 Bb3 42. Ne4+ Kc6 43. Kc3 Bd5 44. Ng3 Bf3 45. Nf5 1-0

[Event "POL-ch U18 Girls"]
[Site "Jastrzebia Gora"]
[Date "2023.??.??"]
[Round "7"]
[White "Lukasik, Zuzanna"]
[Black "Samol, Julia"]
[Result "1/2-1/2"]
[WhiteElo "1781"]
[BlackElo "1374"]
[PlyCount "95"]
[EventDate "2023.03.11"]
[EventType "swiss"]
[EventRounds "9"]
[EventCountry "POL"]
[SourceTitle "CBM 213 Extra"]
[Source "ChessBase"]
[SourceDate "2023.05.31"]
[SourceVersion "1"]
[SourceVersionDate "2023.05.31"]
[SourceQuality "1"]

1. e4 c5 2. Nf3 e6 3. d4 cxd4 4. Nxd4 Nc6 5. Nc3 a6 6. Be2 Qc7 7. 0-0 Nf6 8. Kh1 Be7 9. f4 d6 10. Be3 Na5 11. Qd3 0-0 12. Rae1 b5 13. Bf3 Bb7 14. Bc1 Rac8 15. Nce2 Nc4 16. b3 Nb6 17. Ng3 Nbd7 18. Bd2 Nc5 19. Qe2 Qb8 20. Rc1 Qa8 21. Rfe1 Bd8 22. c4 bxc4 23. bxc4 Bb6 24. Nb3 a5 25. Nxc5 Bxc5 26. Qd3 Bc6 27. Bc3 Bb4 28. Bxb4 axb4 29. Qxd6 Rfd8 30. Qxb4 Qxa2 31. Re2 Qa7 32. Qb3 Qc7 33. e5 Nd7 34. Bxc6 Qxc6 35. Ne4 Rb8 36. Qe3 Qa4 37. h3 Rb3 38. Qd4 Rdb8 39. Rd2 Qa3 40. Rcd1 Nf8 41. Kh2 h6 42. Rd3 Ng6 43. Nc5 Rxd3 44. Nxd3 Nh4 45. Qf2 Nf5 46. Qe2 Rd8 47. c5 Qc3 48. Nf2 1/2-1/2

[Event "POL-ch U20 Girls"]
[Site "Karpacz"]
[Date "2022.11.21"]
[Round "3"]
[White "Sprzeczka, Emilia"]
[Black "Lukasik, Zuzanna"]
[Result "1/2-1/2"]
[WhiteElo "1826"]
[BlackElo "1802"]
[PlyCount "93"]
[EventDate "2022.11.19"]
[EventType "swiss"]
[EventRounds "9"]
[EventCountry "POL"]
[SourceTitle "EXT 2024"]
[Source "ChessBase"]
[SourceDate "2023.10.10"]
[SourceVersion "1"]
[SourceVersionDate "2023.10.10"]
[SourceQuality "1"]

1. e4 c5 2. c3 d5 3. exd5 Qxd5 4. d4 Nf6 5. Nf3 e6 6. Na3 Qd8 7. Nc4 Be7 8. Bd3 0-0 9. Be3 Nbd7 10. Qe2 Qc7 11. Nce5 b6 12. Bf4 Bd6 13. Nxd7 Bxd7 14. Be5 Bxe5 15. dxe5 Nd5 16. 0-0-0 g6 17. Qd2 Kg7 18. h4 h5 19. Rdg1 f5 20. exf6+ Rxf6 21. Kb1 Nf4 22. Be4 Bc6 23. Qe3 Nd5 24. Qd3 Rd8 25. Qc2 Qf4 26. Re1 Ne7 27. Re3 Bxe4 28. Rxe4 Qd6 29. Ng5 Nc6 30. Rhe1 e5 31. f4 Rf5 32. a3 Re8 33. Rd1 Qc7 34. Qb3 Qe7 35. Qd5 Nd8 36. fxe5 Ne6 37. Qc6 Nxg5 38. hxg5 Rxe5 39. Rxe5 Qxe5 40. Ka1 Re7 41. Qa8 Qe2 42. Qd5 Rf7 43. Rd2 Qf1+ 44. Rd1 Qe2 45. Ka2 Rf2 46. Qd7+ Rf7 47. Qd5 1/2-1/2

[Event "POL-ch U20 Girls"]
[Site "Karpacz"]
[Date "2022.11.20"]
[Round "2"]
[White "Goraj, Barbara"]
[Black "Lukasik, Zuzanna"]
[Result "1-0"]
[WhiteElo "2087"]
[BlackElo "1802"]
[PlyCount "53"]
[EventDate "2022.11.19"]
[EventType "swiss"]
[EventRounds "9"]
[EventCountry "POL"]
[SourceTitle "EXT 2024"]
[Source "ChessBase"]
[SourceDate "2023.10.10"]
[SourceVersion "1"]
[SourceVersionDate "2023.10.10"]
[SourceQuality "1"]

1. e4 c5 2. Nf3 Nc6 3. d4 cxd4 4. Nxd4 Nf6 5. Nc3 d6 6. f3 g6 7. Be3 Bg7 8. Qd2 0-0 9. g4 Nd7 10. 0-0-0 Nxd4 11. Bxd4 Bxd4 12. Qxd4 Ne5 13. Be2 Nc6 14. Qd2 Qa5 15. h4 Be6 16. a3 Kg7 17. f4 f6 18. f5 Bf7 19. g5 fxg5 20. hxg5 Qe5 21. Bg4 Kg8 22. Qf2 e6 23. Qh4 Qf4+ 24. Rd2 h5 25. gxh6 g5 26. h7+ Kh8 27. Qh6 1-0

[Event "Polanica Zdroj op-B 58th"]
[Site "Polanica Zdroj"]
[Date "2022.08.21"]
[Round "9"]
[White "Lukasik, Zuzanna"]
[Black "Sypien, Natan"]
[Result "1/2-1/2"]
[WhiteElo "1700"]
[BlackElo "1780"]
[PlyCount "83"]
[EventDate "2022.08.13"]
[EventType "swiss"]
[EventRounds "9"]
[EventCountry "POL"]
[SourceTitle "CBM 210 Extra"]
[Source "ChessBase"]
[SourceDate "2022.11.30"]
[SourceVersion "1"]
[SourceVersionDate "2022.11.30"]
[SourceQuality "1"]

1. e4 c5 2. Nf3 Nc6 3. d4 cxd4 4. Nxd4 Nf6 5. Nc3 e5 6. Nf5 d5 7. exd5 Bxf5 8. dxc6 Qxd1+ 9. Nxd1 bxc6 10. Ne3 Bg6 11. Bc4 Bc5 12. Bb3 0-0 13. 0-0 Rfd8 14. Nc4 Ne4 15. Be3 Bxe3 16. fxe3 Nd2 17. Nxd2 Rxd2 18. Rf2 Rad8 19. Raf1 Rxf2 20. Rxf2 Rd1+ 21. Rf1 Rd2 22. Rf2 Rd1+ 23. Rf1 Rd6 24. Rf2 Kf8 25. h3 f6 26. c3 Ke7 27. Kf1 h6 28. Ke1 Be4 29. Bc2 Bd5 30. b3 c5 31. c4 Bc6 32. g4 Rd8 33. h4 Rh8 34. h5 Rd8 35. Bf5 a5 36. Rd2 Rb8 37. Kd1 a4 38. Kc2 a3 39. Kc3 Rb6 40. Rd1 Rb8 41. Rb1 Rb4 42. Rd1 1/2-1/2

[Event "POL-ch U18 Girls"]
[Site "Sypniewo"]
[Date "2022.03.27"]
[Round "9"]
[White "Lukasik, Zuzanna"]
[Black "Krzyzosiak, Marta"]
[Result "1/2-1/2"]
[WhiteElo "1786"]
[BlackElo "1698"]
[PlyCount "64"]
[EventDate "2022.03.19"]
[EventType "swiss"]
[EventRounds "9"]
[EventCountry "POL"]
[SourceTitle "CBM 207 Extra"]
[Source "ChessBase"]
[SourceDate "2022.05.31"]
[SourceVersion "1"]
[SourceVersionDate "2022.05.31"]
[SourceQuality "1"]

1. e4 e6 2. d4 d5 3. Nd2 Be7 4. Bd3 c5 5. dxc5 Nf6 6. exd5 Qxd5 7. Qf3 Qxf3 8. Ngxf3 Bxc5 9. Nb3 Be7 10. 0-0 0-0 11. Rd1 Nc6 12. a3 b6 13. Be3 Bb7 14. Kf1 Rfd8 15. Ke2 Ng4 16. h3 Nxe3 17. Kxe3 Rac8 18. c3 g6 19. Rd2 Rd6 20. Ke2 Rcd8 21. Rad1 Kg7 22. Bb5 Rxd2+ 23. Rxd2 Rxd2+ 24. Nbxd2 a6 25. Bd3 Bd6 26. g3 Ne5 27. Nxe5 Bxe5 28. h4 h6 29. Ke3 f5 30. Bc4 Kf6 31. f4 Bc7 32. Nf3 Bxf3 1/2-1/2

[Event "POL-ch U18 Girls"]
[Site "Sypniewo"]
[Date "2022.03.25"]
[Round "7"]
[White "Lukasik, Zuzanna"]
[Black "Jedrzejko, Martyna"]
[Result "1/2-1/2"]
[WhiteElo "1786"]
[BlackElo "1517"]
[PlyCount "63"]
[EventDate "2022.03.19"]
[EventType "swiss"]
[EventRounds "9"]
[EventCountry "POL"]
[SourceTitle "CBM 207 Extra"]
[Source "ChessBase"]
[SourceDate "2022.05.31"]
[SourceVersion "1"]
[SourceVersionDate "2022.05.31"]
[SourceQuality "1"]

1. e4 e6 2. d4 d5 3. Nd2 dxe4 4. Nxe4 Bd7 5. Nf3 Bc6 6. Bd3 Nd7 7. 0-0 Ngf6 8. Ng3 Be7 9. Re1 0-0 10. c3 Re8 11. Bc2 Bd5 12. Qd3 Bxf3 13. Qxf3 c6 14. a3 Nf8 15. Ne4 Ng6 16. Qd3 Qd5 17. Qf3 a5 18. a4 Nxe4 19. Bxe4 Qd7 20. Bxg6 hxg6 21. Qg4 Bf6 22. Bg5 Qd5 23. Bxf6 gxf6 24. Re3 Kg7 25. Qe4 Qxe4 26. Rxe4 b5 27. axb5 cxb5 28. Kf1 Rec8 29. Re3 Kf8 30. Ke2 Ke7 31. Kd2 Kd6 32. b3 1/2-1/2

[Event "POL-ch U18 Girls"]
[Site "Sypniewo"]
[Date "2022.03.19"]
[Round "1"]
[White "Lukasik, Zuzanna"]
[Black "Krzyzosiak, Anna"]
[Result "1-0"]
[WhiteElo "1786"]
[BlackElo "1489"]
[PlyCount "165"]
[EventDate "2022.03.19"]
[EventType "swiss"]
[EventRounds "9"]
[EventCountry "POL"]
[SourceTitle "CBM 207 Extra"]
[Source "ChessBase"]
[SourceDate "2022.05.31"]
[SourceVersion "1"]
[SourceVersionDate "2022.05.31"]
[SourceQuality "1"]

1. e4 c5 2. Nf3 d6 3. c3 Nf6 4. Bd3 Nc6 5. Bc2 d5 6. e5 Nd7 7. e6 fxe6 8. Ng5 Nf6 9. Bxh7 Ne5 10. d4 Nxh7 11. dxe5 Nxg5 12. Bxg5 Qc7 13. Qe2 Bd7 14. 0-0 0-0-0 15. Rc1 g6 16. Qe3 b6 17. b4 c4 18. a4 Re8 19. a5 b5 20. a6 Bg7 21. f4 Bh6 22. Bxh6 Rxh6 23. Nd2 Reh8 24. Nf3 Bc6 25. h3 Rh5 26. Nd4 Bd7 27. Rf1 Rg8 28. Qf3 Rgh8 29. Qg3 Rg8 30. Qg4 Qb6 31. Rf2 Rh7 32. Ra5 Rhg7 33. h4 Rh8 34. g3 Rhg8 35. Qf3 Rh8 36. Kg2 Kc7 37. Re2 Kc8 38. Nc2 Kc7 39. Na3 Kc8 40. Qf2 Kc7 41. Rb2 Qxf2+ 42. Kxf2 Kb6 43. Nc2 Rgh7 44. Kf3 Rh5 45. Nd4 Rf8 46. Kg2 Rfh8 47. Nf3 Rf8 48. Ng5 Bc8 49. Ra1 Bd7 50. Kh3 Rfh8 51. Nf7 R8h7 52. Ng5 Rh8 53. Kg4 Bc8 54. Kf3 Bd7 55. Ke3 Bc8 56. Rh2 Bd7 57. Nf7 R8h7 58. Ng5 Rh8 59. Nf3 Bc8 60. Ra3 Bd7 61. Rh1 Bc8 62. Kf2 Bd7 63. Ra2 Bc8 64. g4 R5h7 65. Kg3 Rh6 66. Ng5 Rf8 67. Rhh2 Bd7 68. h5 gxh5 69. Rxh5 Rxh5 70. gxh5 Rh8 71. Rh2 Rh6 72. Nf7 Rh7 73. h6 Be8 74. Ng5 Rh8 75. Nxe6 Bd7 76. Ng5 Kxa6 77. e6 Be8 78. f5 Kb6 79. Kf4 Kc6 80. Ke5 a6 81. h7 Kc7 82. Kxd5 Kd8 83. Ra2 1-0

[Event "Online Olym Disabilities final"]
[Site "Tornelo INT"]
[Date "2020.11.29"]
[Round "1.1"]
[White "Suslov, Evgeniy"]
[Black "Lukasik, Zuzanna"]
[Result "1-0"]
[WhiteElo "2240"]
[BlackElo "1643"]
[PlyCount "55"]
[EventDate "2020.11.29"]
[EventType "team-tourn"]
[EventRounds "3"]
[EventCountry "NET"]
[SourceTitle "CBM 199 Extra"]
[Source "ChessBase"]
[SourceDate "2021.01.31"]
[SourceVersion "1"]
[SourceVersionDate "2021.01.31"]
[SourceQuality "1"]
[WhiteTeam "Russia"]
[BlackTeam "Poland III"]
[WhiteTeamCountry "RUS"]
[BlackTeamCountry "POL"]

1. Nf3 d5 2. g3 c5 3. Bg2 Nc6 4. d4 cxd4 5. Nxd4 e5 6. Nxc6 bxc6 7. c4 Bb7 8. 0-0 Ne7 9. cxd5 cxd5 10. Nc3 Qd7 11. Qb3 Bc6 12. e3 Rd8 13. Rd1 Qe6 14. Bd2 g6 15. Rac1 Bg7 16. Qa3 Ra8 17. Na4 0-0 18. Bb4 Bxa4 19. Qxa4 Rfd8 20. Bxe7 Qxe7 21. Bxd5 Rab8 22. b3 Rbc8 23. Rxc8 Rxc8 24. Bc4 Rc7 25. Qb5 h5 26. Qd5 Kf8 27. Qa8+ Qe8 28. Rd8 1-0

[Event "Rubinstein Memorial-C 55th"]
[Site "Polanica Zdroj"]
[Date "2019.08.25"]
[Round "9"]
[White "Wrona, Florian"]
[Black "Lukasik, Zuzanna"]
[Result "1-0"]
[WhiteElo "1606"]
[BlackElo "1444"]
[PlyCount "143"]
[EventDate "2019.08.17"]
[EventType "swiss"]
[EventRounds "9"]
[EventCountry "POL"]
[SourceTitle "EXT 2020"]
[Source "ChessBase"]
[SourceDate "2019.10.17"]
[SourceVersion "1"]
[SourceVersionDate "2019.10.17"]
[SourceQuality "1"]

1. e4 c5 2. Nf3 e6 3. d4 cxd4 4. Nxd4 a6 5. Bd3 Nf6 6. 0-0 d6 7. c4 b6 8. Nc3 Bb7 9. Be3 g6 10. f4 Bg7 11. Qc2 Qc7 12. h3 0-0 13. Qf2 Nbd7 14. Nde2 Nc5 15. Bxc5 bxc5 16. Ng3 Nd7 17. Nge2 f5 18. Rab1 Nf6 19. Qf3 fxe4 20. Bxe4 Nxe4 21. Nxe4 Qc6 22. Nxd6 Qxd6 23. Qxb7 Rab8 24. Qe4 Rxb2 25. Rbd1 Qe7 26. a3 Rb3 27. Rf3 Rxf3 28. gxf3 Re8 29. Qc6 a5 30. Rd7 Qf8 31. Qc7 e5 32. fxe5 Bxe5 33. Qc6 Qf6 34. Qd5+ Qe6 35. Qxe6+ Rxe6 36. Rd8+ Kf7 37. Kf2 Bc7 38. Rd7+ Re7 39. Rd5 Re5 40. Rd7+ Re7 41. Rd5 Re5 42. Nc3 Rxd5 43. Nxd5 Be5 44. Ke3 g5 45. Ke4 Ke6 46. a4 h6 47. Nb6 Bc7 48. Nd5 Be5 49. Ne3 Bg7 50. Nc2 Bb2 51. Ne1 Be5 52. Nd3 Bd4 53. Nc1 Bc3 54. Nd3 Bd4 55. f4 gxf4 56. Nxf4+ Kd6 57. Kf5 Be3 58. Nd5 Bc1 59. Nf6 Ke7 60. Ne4 Be3 61. Ke5 Kf7 62. Kf5 Ke7 63. Nf6 Kf7 64. Ne4 Ke7 65. Ke5 Kf7 66. Nd6+ Kg6 67. Nb7 Kh5 68. Nxa5 Bd4+ 69. Kf5 Kh4 70. Nc6 Kxh3 71. a5 h5 72. a6 1-0

[Event "Rubinstein Memorial-C 55th"]
[Site "Polanica Zdroj"]
[Date "2019.08.17"]
[Round "1"]
[White "Matuszczyk, Mateusz"]
[Black "Lukasik, Zuzanna"]
[Result "1-0"]
[WhiteElo "1808"]
[BlackElo "1444"]
[PlyCount "79"]
[EventDate "2019.08.17"]
[EventType "swiss"]
[EventRounds "9"]
[EventCountry "POL"]
[SourceTitle "EXT 2020"]
[Source "ChessBase"]
[SourceDate "2019.10.17"]
[SourceVersion "1"]
[SourceVersionDate "2019.10.17"]
[SourceQuality "1"]

1. e4 c5 2. Nf3 e6 3. c4 Nc6 4. Be2 Nf6 5. Nc3 Be7 6. d4 cxd4 7. Nxd4 a6 8. 0-0 0-0 9. Nc2 d6 10. Bf4 Ne8 11. Be3 f5 12. Qd2 Bf6 13. exf5 exf5 14. Nd5 Rb8 15. Bb6 Qd7 16. Nce3 Qf7 17. f4 g6 18. Nxf6+ Qxf6 19. Bf3 Be6 20. Rad1 Qg7 21. b3 Rf7 22. Nd5 Rd7 23. Rfe1 Bf7 24. b4 h6 25. b5 axb5 26. cxb5 Nd8 27. Bd4 Qf8 28. Rxe8 Bxe8 29. Nf6+ Kf7 30. Bd5+ Ne6 31. Nh7 Qg8 32. Ba7 Qxh7 33. Bxb8 Ke7 34. Bxe6 Kxe6 35. Bxd6 Kf7 36. Qd5+ Kg7 37. Qe5+ Kf7 38. Re1 Qg8 39. Bb4 h5 40. Bc3 1-0

[Event "EU Union-ch U12"]
[Site "Kouty nad Desnou"]
[Date "2017.08.22"]
[Round "4"]
[White "Lukasik, Zuzanna"]
[Black "Rejniak, Zuzanna"]
[Result "0-1"]
[WhiteElo "1433"]
[BlackElo "1650"]
[PlyCount "118"]
[EventDate "2017.08.19"]
[EventType "swiss"]
[EventRounds "9"]
[EventCountry "CZE"]
[SourceTitle "CBM 180 Extra"]
[Source "ChessBase"]
[SourceDate "2017.10.06"]
[SourceVersion "1"]
[SourceVersionDate "2017.10.06"]
[SourceQuality "1"]

1. e4 c5 2. Nf3 Nc6 3. d4 cxd4 4. Nxd4 Qb6 5. c3 Nf6 6. Qd3 d6 7. Be2 a6 8. 0-0 e6 9. Rd1 Be7 10. Qc2 0-0 11. Be3 Qc7 12. Bf3 Nxd4 13. Bxd4 e5 14. Be3 b5 15. Nd2 Be6 16. Qb1 Rab8 17. Rc1 Rfc8 18. Nf1 Qb7 19. Bd2 Qd7 20. Ne3 d5 21. exd5 Nxd5 22. Nxd5 Bxd5 23. Bxd5 Qxd5 24. Rd1 Qe6 25. h3 h6 26. a3 a5 27. b4 a4 28. Qb2 Bf6 29. Be3 e4 30. Bc5 Be7 31. Bd4 Bf6 32. Bxf6 Qxf6 33. Rac1 Qe6 34. Rb1 e3 35. Rd3 exf2+ 36. Qxf2 Qe4 37. Rbd1 Re8 38. R3d2 Qe3 39. Qxe3 Rxe3 40. Rc1 Rc8 41. Rdc2 Re4 42. Kf2 Rec4 43. g3 f5 44. Kf3 g5 45. Kf2 Kf7 46. Ke2 f4 47. g4 Re8+ 48. Kf2 Re3 49. Kg2 Rg3+ 50. Kh2 Kf6 51. Rd2 Rcxc3 52. Rxc3 Rxc3 53. Rd5 Rxa3 54. Rxb5 Ra2+ 55. Kg1 Rb2 56. h4 gxh4 57. Rf5+ Kg6 58. Rxf4 a3 59. b5 a2 0-1

[Event "EU School-ch U13 Girls"]
[Site "Budva"]
[Date "2017.06.16"]
[Round "6"]
[White "Lukasik, Zuzanna"]
[Black "Popovic, Mateja"]
[Result "1-0"]
[WhiteElo "1398"]
[BlackElo "1194"]
[PlyCount "26"]
[EventDate "2017.06.11"]
[EventType "swiss"]
[EventRounds "9"]
[EventCountry "MNE"]
[SourceTitle "EXT 2024"]
[Source "ChessBase"]
[SourceDate "2023.10.10"]
[SourceVersion "1"]
[SourceVersionDate "2023.10.10"]
[SourceQuality "1"]

1. e4 e5 2. Nf3 Nf6 3. Nxe5 d6 4. Nf3 Nxe4 5. Be2 Bg4 6. 0-0 Nc6 7. Re1 Be7 8. h3 Bh5 9. d4 d5 10. Nc3 0-0 11. Nd2 f5 12. Kh2 Bxe2 13. Qxe2 Qd6+ 1-0

[Event "EU School-ch U13 Girls"]
[Site "Budva"]
[Date "2017.06.12"]
[Round "2"]
[White "Lukasik, Zuzanna"]
[Black "Karimli, Zhala Samir"]
[Result "1-0"]
[WhiteElo "1398"]
[BlackElo "1487"]
[PlyCount "93"]
[EventDate "2017.06.11"]
[EventType "swiss"]
[EventRounds "9"]
[EventCountry "MNE"]
[SourceTitle "EXT 2024"]
[Source "ChessBase"]
[SourceDate "2023.10.10"]
[SourceVersion "1"]
[SourceVersionDate "2023.10.10"]
[SourceQuality "1"]

1. e4 e5 2. Nf3 Nc6 3. Bb5 d6 4. d4 exd4 5. Qxd4 Bd7 6. Bxc6 bxc6 7. 0-0 c5 8. Qe3 f6 9. Re1 Ne7 10. Nc3 g6 11. b3 Bg7 12. Bb2 0-0 13. Rad1 Re8 14. Qd3 Nc6 15. a3 Ne5 16. Nxe5 fxe5 17. Ne2 Rf8 18. Ng3 Qh4 19. b4 Be6 20. bxc5 dxc5 21. Qa6 Qe7 22. Qe2 h5 23. Nf1 Qh4 24. f3 Rf7 25. Ne3 Kh7 26. Qa6 Qe7 27. Nd5 Qe8 28. Qa5 Qc8 29. Qxc5 Bf8 30. Qc3 Bd6 31. Nb4 a5 32. Nc6 Qa6 33. Nxe5 Re7 34. Nc6 Rf7 35. Kh1 Raf8 36. e5 Be7 37. Nxe7 Rxe7 38. h3 Ref7 39. Rf1 Qb7 40. Kh2 Rf4 41. Bc1 Rc4 42. Qd2 Rcf4 43. Qxa5 Bxh3 44. Bxf4 Rxf4 45. gxh3 Qc6 46. Rd2 Qe6 47. Qxc7+ 1-0

[Event "EU-ch U10 Girls 25th"]
[Site "Porec"]
[Date "2015.09.28"]
[Round "7"]
[White "Lukasik, Zuzanna"]
[Black "Cassi, Elisa"]
[Result "1-0"]
[WhiteElo "1168"]
[BlackElo "1495"]
[PlyCount "71"]
[EventDate "2015.09.21"]
[EventType "swiss"]
[EventRounds "9"]
[EventCountry "CRO"]
[SourceTitle "EXT 2016"]
[Source "ChessBase"]
[SourceDate "2015.10.08"]
[SourceVersion "1"]
[SourceVersionDate "2015.10.08"]
[SourceQuality "1"]

1. e4 e5 2. Nf3 Nc6 3. Bb5 Nge7 4. c3 g6 5. 0-0 Bg7 6. d4 exd4 7. cxd4 d5 8. e5 0-0 9. Bg5 Bg4 10. Be2 Qd7 11. Qd2 Nf5 12. Be3 f6 13. exf6 Bxf6 14. Ne5 Nxe5 15. dxe5 Bxe2 16. Qxe2 Bxe5 17. Rd1 Rae8 18. Qd2 c6 19. Bxa7 Qd6 20. h3 c5 21. Na3 Bf4 22. Qxd5+ Qxd5 23. Rxd5 Re2 24. Rb1 Rfe8 25. Rdd1 Be5 26. Bxc5 Bxb2 27. Nc4 Rc8 28. Rxb2 Rxb2 29. Nxb2 Rxc5 30. Rd8+ Kg7 31. Rd7+ Kh6 32. Rxb7 Rc1+ 33. Kh2 Rc2 34. Nd3 Rxa2 35. Ne5 Rxf2 36. Ng4+ 1-0

[Event "EU-ch U10 Girls 25th"]
[Site "Porec"]
[Date "2015.09.25"]
[Round "5"]
[White "Stastna, Martina"]
[Black "Lukasik, Zuzanna"]
[Result "0-1"]
[WhiteElo "1560"]
[BlackElo "1168"]
[PlyCount "90"]
[EventDate "2015.09.21"]
[EventType "swiss"]
[EventRounds "9"]
[EventCountry "CRO"]
[SourceTitle "EXT 2016"]
[Source "ChessBase"]
[SourceDate "2015.10.08"]
[SourceVersion "1"]
[SourceVersionDate "2015.10.08"]
[SourceQuality "1"]

1. e4 e6 2. d4 d5 3. exd5 exd5 4. Nf3 Nc6 5. Be3 Be7 6. c3 a6 7. Bd3 Nf6 8. 0-0 0-0 9. Re1 h6 10. h3 Be6 11. Nbd2 Qc8 12. Qe2 Re8 13. Ne5 Nxe5 14. dxe5 Nd7 15. f4 Nc5 16. Bc2 Bf5 17. Bxf5 Qxf5 18. Rad1 Rad8 19. g4 Qd7 20. Bf2 Na4 21. Nf3 h5 22. f5 hxg4 23. hxg4 Bc5 24. Nd4 Bxd4 25. Bxd4 c5 26. b3 cxd4 27. bxa4 dxc3 28. Qc2 d4 29. a5 Qc7 30. Re4 Qc5 31. e6 d3+ 32. Qf2 Qxf2+ 33. Kxf2 fxe6 34. fxe6 c2 35. Rxd3 Rxd3 36. Rc4 Rd2+ 37. Ke3 Rh2 38. Kf3 Rxe6 39. Kg3 Rd2 40. Rc8+ Kh7 41. g5 Rc6 42. g6+ Kxg6 43. Re8 c1Q 44. Re4 Rd3+ 45. Kg4 Qg5# 0-1